000 00748nam a2200193 a 4500
001 000023696
005 20200930022409.0
008 101220s1999 ve r 000 | spa d
020 _a9800760296
040 _aDO-SdBNP
_bspa
_cBNPHU
082 _axxx
_bD618c
245 1 0 _aDiversidad cultural de comunidades residenciales venezolanas /
_cCompilación de Moraiba Tibisay Pozo; Enrique Alí González Ordosgoitti.
260 _aCaracas :
_bFondo Editorial Tropykos : Asociación Civil INDICEV : Asociación Civil CISCUVE : CONAC,
_c[1999].
300 _a295 p. ;
_c23 cm.
500 _aIncluye referencias bibliográficas.
700 1 _aTibisay Pozo, Moraiba
_ecomp.
_948809
700 1 _aGonzález Ordosgoitti, Enrique Alí
_948810
049 _aBNGR
999 _c23192
_d23192